Score 0/16 Timer 04:00
3 Plays Today
Song Missing Word % Correct
Written All Over Your _____Face
97.9%
Blood on the Dance _____Floor
96.8%
I Believe I Can _____Fly
95.9%
The Best Things in Life Are _____Free
95.8%
Survival of the _____Fittest
92.7%
Keep the _____ Faith
89.9%
Single White _____Female
88.7%
Back & _____Forth
87.4%
Song Missing Word % Correct
I Love You Always _____Forever
85%
Seal Our _____Fate
82%
Everybody Plays the _____Fool
76.9%
Giving Him Something He Can _____Feel
72.5%
Nothin' My Love Can't _____Fix
61.7%
I Don't Wanna _____Fight
55.1%
Let It _____ Flow
48.1%
What About Your _____Friends
37.7%

Today's Daily Dose

You're not logged in!

Compare scores with friends on all Sporcle quizzes.
OR
Log In

Sporcle TV

Today on Sporcle TV


Watch our educational content, quiz creation guides, and fun videos on Sporcle TV.

Show Comments

Extras

Top Quizzes Today


Score Distribution

Your Account Isn't Verified!

In order to create a playlist on Sporcle, you need to verify the email address you used during registration. Go to your Sporcle Settings to finish the process.

Report this User

Report this user for behavior that violates our Community Guidelines.

Details: